| 000 | 02355cam a2200625 a 4500 | ||
|---|---|---|---|
| 001 | 20507 | ||
| 003 | VRT | ||
| 005 | 20260123135649.0 | ||
| 008 | 240226s1974 xo grhn 001 0bslo | ||
| 015 | _aSNBA1974 | ||
| 020 | _q(viazané) | ||
| 035 | _aSNK000304881 | ||
| 035 | _a5CEF766A-DB93-437A-8F54-AB9B87DA5AB8 | ||
| 035 | _aurn:nbn:sk:snk-am00ikjc | ||
| 039 | 9 |
_a202402261533 _bVLOAD _c202305011837 _dVLOAD _c202304281438 _dVLOAD _c202304281104 _dVLOAD |
|
| 040 |
_aSNK _bslo _cSNK _eAACR2 |
||
| 041 | 1 |
_aslo _hrus |
|
| 044 |
_axo _cSK |
||
| 072 | 7 |
_a929.5/.9 _xGenealógia. Heraldika. Šľachta. Vlajky _2konspekt |
|
| 072 | 7 |
_a929 _xBiografie _2konspekt |
|
| 080 |
_a929.731-055.1 _22011 |
||
| 080 |
_a929(092) _22011 |
||
| 100 | 1 |
_aManfred, Aľbert Zacharovič, _d1906-1976 _4aut |
|
| 240 | 1 | 0 |
_aNapoleon Bonapart _lSlovensky |
| 245 | 1 | 0 |
_aNapoleon Bonaparte _cAlbert Zacharovič Manfred ; [z ruského originálu Napoleon Bonapart ... preložila Oľga Gažová, Karol Šrámek] |
| 250 | _a1. vyd. | ||
| 260 |
_aBratislava _bPravda _c1974 |
||
| 300 |
_a692 strán _c20 cm |
||
| 490 | 1 | _aČlenská knižnica | |
| 500 | _aFrontispice. Predsádky | ||
| 504 | _aObsahuje bibliografické odkazy a menný register | ||
| 600 | 0 | 7 |
_aNapoleon _bI., _cfrancúzsky cisár, _d1769-1821 _2SNKMA |
| 650 | 0 | 7 |
_apanovníci _2SNKPH |
| 655 | 7 |
_abiografie _2SNKPH |
|
| 700 | 1 |
_aGažová, Oľga _4trl |
|
| 700 | 1 |
_aŠrámek, Karol _4trl |
|
| 830 | 0 | _aČlenská knižnica | |
| 910 | _asnk | ||
| 942 |
_2ddc _cKLDO _n0 |
||
| 949 |
_62889074546 _asavukM 52424 |
||
| 949 |
_62889077697 _asavukM 61825 |
||
| 949 |
_63823001142 _akuruktspD 1109/11 _bkuruktsp1994/001142 |
||
| 949 |
_63830001032110 _akurukX1/441 |
||
| 949 |
_63830001032111 _akurukSK-3264 |
||
| 949 |
_64710702305 _91 _astrmkB _bstrmk2008/2305 |
||
| 949 |
_617A0968937 _asnkSC 35221 _bsnkKSP 178/75 _s6100:20220413 |
||
| 949 |
_64710707159 _astrmkN 944 _bstrmk2008/7159 |
||
| 949 |
_617A0175050 _asnkSC 35221 D1 |
||
| 949 |
_6273K0001142 _asvkpoA 96807 _bsvkpo221057 |
||
| 949 |
_6270001000085245 _asvkbbA 101440 _bsvkbbm 631710 _p631.710 |
||
| 949 |
_6270001000200173 _asvkbbA 101440 _bsvkbbm 292439 _p292.439 |
||
| 949 |
_6270001000200174 _asvkbbA 101440 _bsvkbbm 292442 _p292.442 |
||
| 949 |
_6270001000200175 _asvkbbA 101440 _bsvkbbm 292447 _p292.447 |
||
| 999 |
_c20507 _d20507 |
||